000 00888nam a2200229 i 4500
001 150817
003 ES-MaACL
005 20250721143721.0
007 t|
008 071113s1869 fr a |||| | fre d
100 1 _aFlammarion, Camille,
_d1842-1925
_951110
245 1 0 _aNarraciones de lo infinito
_b: historia de un cometa : la vida universal y eterna /
_cpor Camilo Flammarion ; traducida de la sexta edición francesa por A. López Llasera.
260 _aBarcelona :
_bJané Hermanos,
_c[1869?]
300 _a53 p. :
_bil. ;
_c27 cm.
490 1 _aBiblioteca científica ilustrada de Jané Hermanos
500 _aFecha en prelim.: 1869.
700 1 _aLópez Llasera, A.
_973729
830 0 _aBiblioteca científica ilustrada de Jané Hermanos
_9221172
852 _aES-MaACL
_jFol-Laf-32
_hLegado: M. de la Fuente
942 _2udc
999 _c150817
_d150817